8 mots dans mots : gai (mort subite) - Statistiques

Statistiques générales
  • Ce quiz a été pris 119 fois
  • Le résultat moyen est 7 sur 8
Answers on the Grid
Answers color-coded by a green-red scale on the quiz's grid according to % correct below.
Gouvern---ntalisme
Conju---son
En---rdissement
Mago---ler
Vul---rement
La---ureusement
Car---son
Bé---ement
Ga---uillement
Ren---ner
Dégo---onner
Rou---l
Portu---se
Bar---uiner
Rigou---sement
Ra---llardir
 
Statistiques - réponses
Réponse % Correct
Conju---son
97%
Bé---ement
92%
Vul---rement
91%
Car---son
90%
Portu---se
90%
Ren---ner
82%
Rou---l
60%
Ra---llardir
58%
Aucun quiz correspondant
Distribution des résultats
% des personnes avec chaque résultat
Percentile par nombre de réponses
Votre historique - résultats
Vous n’avez pas pris ce quiz